000 00672nam a22002177a 4500
003 UA-OsUOA
001 38349
007 ta
008 20071201b un ||||| |||| 00| 0 ukr d
090 _a050
_bН17
942 _cMG
040 _aUA-OsUOA
_bukr
_cUA-OsUOA
_dUA-OsUOA
245 _aНад Бугом і Нарвою
955 _a4
041 _aukr
080 _a050
260 _c2007
310 _aЧисло: 1 (89); 2 (90); 3 (91); 4 (92) (2 пр.) 2007
650 7 _a050 Серійні публікації. Періодика галузі, Організація та інші типи поєднання (співробітництва)
_2UDC
999 _c436859
_d436859